Cliquez sur l'ancienne région de chaque département français - Statistiques

Statistiques générales
  • Ce quiz a été pris 50 fois
    26 depuis la dernière actualisation
  • Le résultat moyen est 34 sur 96
Statistiques - réponses
Hint Réponse % Correct
Haute-Corse Corse
52%
Ille-et-Vilaine Bretagne
48%
Loiret Centre
48%
Haut-Rhin Alsace
43%
Landes Aquitaine
43%
Pyrénées-Atlantiques Aquitaine
43%
Calvados Basse-Normandie
43%
Corse-du-Sud Corse
43%
Paris Île-de-France
43%
Val-d'Oise Île-de-France
43%
Hérault Languedoc-Roussillon
43%
Meuse Lorraine
43%
Haute-Garonne Midi-Pyrénées
43%
Nord Nord-Pas-de-Calais
43%
Bas-Rhin Alsace
38%
Dordogne Aquitaine
38%
Gironde Aquitaine
38%
Allier Auvergne
38%
Puy-de-Dôme Auvergne
38%
Côte-d'Or Bourgogne
38%
Nièvre Bourgogne
38%
Cher Centre
38%
Indre Centre
38%
Ardennes Champagne-Ardennes
38%
Territoire de Belfort Franche-Comté
38%
Seine-Maritime Haute-Normandie
38%
Essonne Île-de-France
38%
Hauts-de-Seine Île-de-France
38%
Seine-et-Marne Île-de-France
38%
Val-de-Marne Île-de-France
38%
Creuse Limousin
38%
Meurthe-et-Moselle Lorraine
38%
Tarn-et-Garonne Midi-Pyrénées
38%
Pas-de-Calais Nord-Pas-de-Calais
38%
Maine-et-Loire Pays de la Loire
38%
Oise Picardie
38%
Charente Poitou-Charentes
38%
Charente-Maritime Poitou-Charentes
38%
Alpes-de-Haute-Provence Provence-Alpes-Côte d'Azur
38%
Hautes-Alpes Provence-Alpes-Côte d'Azur
38%
Var Provence-Alpes-Côte d'Azur
38%
Ain Rhône-Alpes
38%
Haute-Savoie Rhône-Alpes
38%
Loire Rhône-Alpes
38%
Rhône Rhône-Alpes
38%
Haute-Loire Auvergne
33%
Manche Basse-Normandie
33%
Orne Basse-Normandie
33%
Saône-et-Loire Bourgogne
33%
Yonne Bourgogne
33%
Côtes-d'Armor Bretagne
33%
Finistère Bretagne
33%
Morbihan Bretagne
33%
Indre-et-Loire Centre
33%
Loir-et-Cher Centre
33%
Aube Champagne-Ardennes
33%
Haute-Marne Champagne-Ardennes
33%
Marne Champagne-Ardennes
33%
Doubs Franche-Comté
33%
Seine-Saint-Denis Île-de-France
33%
Pyrénées-Orientales Languedoc-Roussillon
33%
Haute-Vienne Limousin
33%
Moselle Lorraine
33%
Ariège Midi-Pyrénées
33%
Gers Midi-Pyrénées
33%
Tarn Midi-Pyrénées
33%
Loire-Atlantique Pays de la Loire
33%
Sarthe Pays de la Loire
33%
Vendée Pays de la Loire
33%
Aisne Picardie
33%
Somme Picardie
33%
Deux-Sèvres Poitou-Charentes
33%
Vienne Poitou-Charentes
33%
Alpes-Maritimes Provence-Alpes-Côte d'Azur
33%
Bouches-du-Rhône Provence-Alpes-Côte d'Azur
33%
Vaucluse Provence-Alpes-Côte d'Azur
33%
Ardèche Rhône-Alpes
33%
Drôme Rhône-Alpes
33%
Isère Rhône-Alpes
33%
Savoie Rhône-Alpes
33%
Cantal Auvergne
29%
Jura Franche-Comté
29%
Yvelines Île-de-France
29%
Gard Languedoc-Roussillon
29%
Hautes-Pyrénées Midi-Pyrénées
29%
Mayenne Pays de la Loire
29%
Lot-et-Garonne Aquitaine
24%
Eure-et-Loir Centre
24%
Eure Haute-Normandie
24%
Aude Languedoc-Roussillon
24%
Lozère Languedoc-Roussillon
24%
Corrèze Limousin
24%
Lot Midi-Pyrénées
24%
Haute-Saône Franche-Comté
19%
Vosges Lorraine
19%
Aveyron Midi-Pyrénées
19%
Aucun quiz correspondant
Distribution des résultats
% des personnes avec chaque résultat
Percentile par nombre de réponses
Votre historique - résultats
Vous n’avez pas pris ce quiz depuis la dernière actualisation